000 00687nam a22002057a 4500
999 _c18049
_d18049
003 AR-CdUCM
008 190511b ||||| |||| 00| 0 spa d
040 _aMUNICIPALIDAD PROVINCIAL DEL CUSCO
_cBIBLIOTECA MUNICIPAL DEL CUSCO
082 _a868.6 /
_bN74
100 _aNoel, Eugenio
_938400
245 _aLa novela de un toro /
260 _aChile :
_bNascimento,
_c1931.
300 _a149 páginas ;
_c18 cm.
505 _aContenido: La novela de un toro -- Los compradores de pieles -- Martín, el de la Paula, en Alcalá de Guadaira.
650 _aNovela
_95
650 _aCuentos de costumbres
_934
650 _aEspaña
_9176
942 _2ddc
_cLIBROS
945 _adavv
_d2019-05-11